000 00643nam a2200229Ia 4500
003 OSt
005 20220924144943.0
006 a|||||r|||| 00| 0
007 ta
008 220923b |||||||| |||| 00| 0 ara d
024 _a324220
037 _cTextual
040 _aARTS
_cARTS
_bara
041 _2ara
_aara
082 _aO28,1NMSA:g, P9
100 _aAshraf Mohammad Sulaiman Au.
245 0 _aDarasat-e-maqarna beenul sherul arbi al-hadees wal sherul angelegy
260 _c2009
650 _aARABIC POETRY
942 _hO28,1NMSA:g, P9
_cTEXL
_2CC
999 _c458716
_d458716